000
00238nam a22001097a 4500
082
_a
629.13338 BRI'R
100
_a
BRISCOE, MERVYN
_9
58931
245
_a
ROCKET PROPULSION
260
_a
LONDON
_b
CHATTO
_c
1963
300
_a
63P
942
_c
BK
999
_c
569002
_d
569002